| 000 | 00656cam a22002294a 4500 | ||
|---|---|---|---|
| 001 | 15982418 | ||
| 005 | 20180119082408.0 | ||
| 008 | 091113s2010 at ab 001 0 eng | ||
| 010 | _a 2009517679 | ||
| 020 | _a9780495826811 | ||
| 020 | _a0495826812 | ||
| 040 |
_aDLC _cDLC _dDLC |
||
| 041 | _aeng | ||
| 080 | _a512.9 | ||
| 082 | 0 | 0 |
_a512.9 MCK _222 |
| 100 | 1 | _a36 | |
| 101 | _aMAT | ||
| 245 | 1 | 0 |
_aBeginning algebra : _cCharles P. McKeague. |
| 906 |
_a7 _bcbc _corignew _d2 _encip _f20 _gy-gencatlg |
||
| 942 |
_2ddc _cBK |
||
| 999 |
_c40608 _d40608 |
||